|
|
|
|
| LEADER |
00000nam0a2200000 4500 |
| 001 |
93163 |
| 005 |
20231031105052.0 |
| 035 |
|
|
|a (RuTPU)RU\TPU\book\99771
|
| 090 |
|
|
|a 93163
|
| 100 |
|
|
|a 20060327d1974 k y0rusy50 ca
|
| 101 |
0 |
|
|a rus
|
| 102 |
|
|
|a RU
|
| 105 |
|
|
|a a z 001zy
|
| 200 |
1 |
|
|a Изучение коллекторов нефти и газа месторождений Западной Сибири геофизическими методами
|f Е. И. Леонтьев [и др.]
|
| 210 |
|
|
|a Москва
|c Недра
|d 1974
|
| 215 |
|
|
|a 239 с.
|c ил.
|
| 320 |
|
|
|a Библиогр.: с. 225-236.
|
| 610 |
1 |
|
|a нефть
|
| 610 |
1 |
|
|a газ
|
| 610 |
1 |
|
|a нефтяные пласты
|
| 610 |
1 |
|
|a газовые пласты
|
| 610 |
1 |
|
|a месторождения
|
| 610 |
1 |
|
|a Западная Сибирь
|
| 610 |
1 |
|
|a изучение
|
| 610 |
1 |
|
|a пласты-коллекторы
|
| 675 |
|
|
|a 553.98
|v 3
|
| 675 |
|
|
|a 552.578.2.061.4.08
|v 3
|
| 701 |
|
1 |
|a Леонтьев
|b Е. И.
|g Евгений Иванович
|
| 701 |
|
1 |
|a Дорогиницкая
|b Л. М.
|g Лидия Михайловна
|
| 701 |
|
1 |
|a Кузнецов
|b Г. С.
|g Григорий Степанович
|
| 701 |
|
1 |
|a Малыхин
|b А. Я.
|g Анатолий Яковлевич
|
| 801 |
|
1 |
|a RU
|b 63413507
|c 20060327
|g PSBO
|
| 801 |
|
2 |
|a RU
|b 63413507
|c 20150311
|g PSBO
|
| 942 |
|
|
|c BK
|